[Event "RUS-chT 11th"]
[Site "Sochi"]
[Date "2004.04.21"]
[Round "2.3"]
[White "Sakaev, Konstantin"]
[Black "Riazantsev, Alexander"]
[Result "1-0"]
[WhiteElo "2665"]
[BlackElo "2556"]
[Annotator "Ftacnik,L"]
[PlyCount "89"]
[EventDate "2004.04.20"]
[EventType "team-tourn"]
[EventRounds "9"]
[EventCountry "RUS"]
[SourceTitle "EXT 2020"]
[Source "ChessBase"]
[SourceDate "2019.10.17"]
[SourceVersion "1"]
[SourceVersionDate "2019.10.17"]
[SourceQuality "1"]
[WhiteTeam "Ekaterinburg Max Ven"]
[BlackTeam "Nizhny Tagil Politekhnik"]
[WhiteTeamCountry "RUS"]
[BlackTeamCountry "RUS"]

1. d4 Nf6 2. c4 e6 3. Nf3 b6 4. a3 Bb7 5. Nc3 d5 6. cxd5 exd5 7. Qa4+ c6 8. Bg5
Be7 9. e3 O-O 10. Bd3 Nbd7 11. O-O Re8 12. Qc2 c5 13. Rad1 c4 14. Bf5 g6 {
Black will have to support his central pawn structure, but he should be able
to cope quite well.} (14... h6 15. Bh4 g6 16. Bxg6 fxg6 17. Qxg6+ Kh8 18. Qxh6+
Nh7 19. Nb5 Bxh4 20. Nxh4 Ndf6 $13) 15. Bh3 Nh5 (15... a6 16. a4 Kg7 17. b3 $14
) 16. Bh6 Bd6 (16... f5 17. g4 $5 (17. g3 Nhf6 18. Bg2 Ne4 $13) 17... fxg4 18.
Bxg4 Ng7 19. Ne5 $14) (16... Bf8 17. Bxd7 Qxd7 18. Bxf8 Rxf8 19. b3 $14) 17. g3
Bf8 18. Bxf8 (18. Bxd7 Qxd7 19. Bxf8 Rxf8 20. b3 Qd6 21. a4 Rfc8 $11) 18...
Nxf8 19. Bg2 a6 20. a4 Rc8 21. Rfe1 Rc7 {White pishop on g2 is tronger than
his conterpart on b7, so black must play accurately.} (21... Nf6 22. Ra1 Ne6
23. Rec1 $14) 22. b3 Qc8 23. bxc4 Rxc4 24. Rc1 Nd7 (24... Qe6 25. Qb3 Nf6 26.
Ne5 Rc7 27. Rb1 $16) 25. Qb2 Nhf6 26. Bh3 Qc7 $2 {[%mdl 64] The most natural
move loses a pwn or exchange after a witty combination by Sakaev.} (26... Qb8
27. Rc2 Qd6 28. Rec1 $14) 27. Bxd7 $1 Nxd7 (27... Qxd7 28. Ne5 Qd6 29. Nxc4
dxc4 30. Qe2 $16) 28. Nd2 Rc6 29. Nxd5 Rxc1 (29... Qd6 30. Nc3 Nf6 31. f3 $16)
30. Rxc1 (30. Nxc7 $2 Rxe1+ 31. Nf1 Rc8 32. Qc3 Rd1 $17) 30... Qd6 31. Nc3 (31.
Nb4 a5 32. Na2 Qd5 33. e4 Rxe4 34. Nxe4 Qxe4 35. Kf1 Ba6+ 36. Kg1 Bb7 $11)
31... h5 (31... Rc8 32. Nce4 Rxc1+ 33. Qxc1 Qb4 34. Qc2 $16) 32. Rd1 Nf6 33.
Qb3 h4 (33... Qc6 34. e4 Rc8 35. Rc1 $16) 34. Ne2 hxg3 35. hxg3 Kg7 $6 {
The demage was done but wit a nice a8-h1 open diagonal black had serious
chances for counterplay. Much better was 35...Ne4! preventing the blockade of
the diagonal.} (35... Ne4 $1 36. Nxe4 Bxe4 37. Kf1 Kg7 38. Ke1 Bf3 $14) 36. f3
$1 Rh8 (36... Nh5 37. Kf2 f5 38. Rb1 Re6 39. Qb4 $16) 37. e4 Qd7 (37... Nd7 38.
Nc4 Qf6 39. d5 $16) 38. d5 (38. Nc4 Nxe4 $1 39. fxe4 Bxe4 40. Rf1 Bd5 41. Qd3
$14) 38... Qh3 39. Nf1 g5 (39... Nd7 40. Kf2 Qh1 41. Rc1 $18) 40. Qe3 Kg6 (
40... Qh6 41. Nd4 $1 (41. Qxb6 g4 42. Qe3 Qh1+ 43. Kf2 gxf3) 41... Bc8 42. Rb1
$18) 41. Qxb6 Qh1+ 42. Kf2 g4 43. e5 $1 {Riazantsev has got his counterplay,
but in the meatime his position became hopeless.} Qxf3+ 44. Ke1 Bxd5 (44... Rh1
45. Qxf6+ Qxf6 46. exf6 Kxf6 47. Nf4 $18) 45. Rxd5 (45. Rxd5 Qxd5 46. Nf4+ $18)
1-0

[Event "Alekhine Memorial"]
[Site "Moscow"]
[Date "1992.??.??"]
[Round "?"]
[White "Gelfand, Boris"]
[Black "Karpov, Anatoly"]
[Result "1-0"]
[WhiteElo "2685"]
[BlackElo "2715"]
[Annotator "Ftacnik,L"]
[PlyCount "73"]
[EventDate "1992.11.??"]
[EventType "tourn"]
[EventRounds "7"]
[EventCountry "RUS"]
[EventCategory "18"]
[SourceTitle "CBM 033"]
[Source "ChessBase"]
[SourceDate "1993.04.01"]
[SourceVersion "1"]
[SourceVersionDate "1993.04.01"]
[SourceQuality "1"]

1. d4 Nf6 2. c4 e6 3. Nf3 b6 4. a3 Bb7 5. Nc3 d5 6. Qc2 (6. Qa4+ Qd7 (6... c6
7. cxd5 Nxd5 (7... exd5 8. g3 Bd6 9. Bg2 O-O 10. O-O Re8 11. Bf4 Bxf4 12. gxf4
Ne4 13. Rfe1 Nxc3 14. bxc3 Nd7 15. c4 dxc4 16. Qxc4 Qf6 17. e3 c5 18. Rad1 cxd4
19. Qxd4 Qxd4 20. Rxd4 Nc5 21. Ne5 Bxg2 22. Kxg2 Rac8 23. Red1 f6 24. Nd3 Nxd3
25. R1xd3 Kf7 26. Rd5 Re7 27. h4 Kg6 28. Kg3 Rc5 29. Rxc5 bxc5 30. Rc3 Rc7 31.
Rc4 {Karpov,An-Kortschnoj,V/Roquebrune 30'/1992/1/2-1/2/43/}) 8. Bd2 Nd7 9. e4
N5f6 10. e5 Nd5 11. Nxd5 cxd5 12. Bg5 Be7 13. Bxe7 Qxe7 14. Rc1 Qd8 15. Qb4 Rc8
16. Rxc8 Qxc8 17. Kd2 Bc6 18. Bd3 Nb8 19. Rc1 Qd7 20. a4 f6 21. a5 Qe7 22. Qb3
Qb7 23. a6 Qe7 24. Bb5 Kd7 25. Bd3 Rc8 26. Rc3 f5 27. Qc2 Kd8 {Gelfand,
B-Kortschnoj,V/Wijk (13)/1992/1/2-1/2/28/}) 7. Qc2 dxc4 8. e4 b5 9. Bf4 a6 10.
O-O-O Be7 11. g4 Bd6 12. Bg5 h6 13. Bh4 (13. Bxf6 gxf6 14. d5 e5 15. Nh4 Qxg4
16. Nf5 Bc8 17. Ne3 Qf4 18. Rg1 h5 19. Kb1 Nd7 20. Bh3 Nc5 21. Bxc8 Rxc8 22.
Rg7 Nd3 23. Nf5 Qxh2 24. Rxd3 cxd3 25. Qxd3 Kf8 26. Qe3 Qf4 27. Qh3 Qxf2 28.
Rg2 Qe1+ 29. Kc2 Rd8 30. Re2 Qg1 31. Rg2 {Piket,J-Sax,G/Wijk (13)/1992/1/2-1/2/
33/}) 13... Bf4+ 14. Kb1 Qe7 15. e5 Bxf3 16. exf6 gxf6 17. Rg1 Nd7 18. Bg2 Bxg2
19. Rxg2 Nb6 20. Qe4 Bg5 21. Bg3 O-O-O 22. f4 f5 23. gxf5 Bf6 24. Re2 Rhe8 25.
fxe6 Qxe6 26. Qh7 Qd7 27. Re5 Bxe5 28. fxe5 Qg4 29. Qxh6 {Greenfeld,
A-Kortschnoj,V/Beersheba (06)/1992/0-1/29/}) (6. cxd5 Nxd5 7. Qc2 Nxc3 8. Qxc3
h6 (8... Nd7 9. Bg5 Be7 (9... f6 10. Bf4 Bd6 11. Bg3 O-O 12. e3 Qe7 13. Bb5 (
13. Bxd6 cxd6 14. Qc7 Bxf3 15. gxf3 Rfc8 16. Qb7 Rcb8 17. Qc7 Rc8 {Dreev,
A-Ehlvest,J/Calcutta (07)/1992/1/2-1/2/17/}) 13... c6 14. Bc4 c5 15. Rd1 Bxg3
16. hxg3 Rfd8 17. O-O Kh8 18. dxc5 Nxc5 19. b4 Ne4 20. Qb3 e5 21. Bd5 Rac8 22.
Bxb7 Qxb7 23. Rxd8+ Rxd8 24. Rd1 Rxd1+ 25. Qxd1 g6 26. Qd8+ Kg7 27. g4 h6 28.
Nh4 Ng5 29. f4 exf4 30. exf4 Qe4 31. Qc7+ {Dreev,A-Mithrakanth,P/Calcutta (03)/
1992/1/2-1/2/34/}) 10. Bxe7 Kxe7 11. e3 Rc8 (11... Nf6 12. Ne5 Qd6 13. b4 Rac8
14. Rc1 Nd7 15. Nc4 Qd5 16. f3 Qg5 17. Kf2 Rhd8 18. Be2 Qh4+ 19. g3 Qh3 20. e4
Kf8 21. Qe3 Ba6 22. Nxb6 Bxe2 23. Nxc8 Bxf3 24. Qxf3 Rxc8 25. g4 Qh4+ 26. Kg2
h5 27. h3 Nf6 28. Rcf1 Kg8 29. Qf4 hxg4 30. hxg4 Qxg4+ 31. Qxg4 {Dreev,
A-Schlosser,P/Brno (7)/1992/1-0/47/}) 12. Bb5 c6 13. Be2 c5 14. Rd1 Nf6 15. O-O
Qd5 16. Rc1 a5 17. Rfd1 cxd4 18. Qxd4 Qxd4 19. Nxd4 Rxc1 20. Rxc1 Rc8 21. Rxc8
Bxc8 22. f3 e5 23. Nb5 Nd5 24. Kf2 Bd7 25. Bc4 Bxb5 26. Bxd5 f6 27. h4 h6 {
Seirawan,Y-Karpov,An/Brussels SWIFT 25' (B1:1)/1992/1/2-1/2/28/}) (8... Be7 9.
Bf4 O-O 10. Qxc7 (10. e3 Bd6 11. Bg5 Qe8 12. Be2 Nd7 13. O-O e5 14. Rfd1 Qe6
15. Bh4 Qg4 16. Bg3 e4 17. Ne5 Qxe2 18. Nxd7 Rfd8 19. Ne5 Qb5 20. Rac1 a5 21.
Qc4 Qxc4 22. Nxc4 Bxg3 23. fxg3 f6 24. g4 Rd7 25. g5 fxg5 26. Ne5 Re7 27. Nc6
Bxc6 28. Rxc6 Rf8 29. Rdc1 Rff7 30. h3 Kf8 31. R1c4 {Cebalo,M-Kortschnoj,V/
Polanica Zdroj (09)/1992/0-1/65/}) 10... Qxc7 11. Bxc7 Rc8 12. Bxb8 Raxb8 13.
e3 Rc2 14. Rb1 Be4 15. Bb5 Rbc8 16. O-O Bxf3 17. gxf3 Bh4 18. f4 Rd2 19. Ba4 g6
20. Kg2 Kg7 21. Kf3 a6 22. Rbd1 Rxb2 23. Rb1 Ra2 24. Rxb6 a5 25. Rb7 Kf8 26.
Rbb1 Rxa3 27. Ra1 Rcc3 28. Rfb1 Rxa1 29. Rxa1 Be7 30. Ra2 Bb4 31. Rc2 {
Seirawan,Y-Anand,V/Amsterdam/1992/1/2-1/2/31/}) 9. e3 (9. Bf4 Bd6 10. Bg3 Nd7
11. e3 Bxg3 12. hxg3 O-O 13. Rd1 Rc8 14. Bb5 c6 15. Ba4 Qe7 16. b4 Rfd8 17. O-O
Nf6 18. Bc2 Rd7 19. Ne5 Rdc7 20. Nc4 Ba6 21. Bd3 Rd8 22. Ne5 Bb7 23. Be2 Ra8
24. Qb2 Nd7 25. Nc4 Ba6 26. Rc1 Rb8 27. Rfd1 Nf6 28. Ne5 Bb7 29. Bf3 Rbc8 30.
Rc2 Nd7 31. Nc4 {Lobron,E-Portisch,L/Cannes op/1992/1/2-1/2/78/}) 9... Be7 10.
Bb5+ c6 11. Ba4 O-O 12. O-O Nd7 13. e4 b5 14. Bc2 c5 15. Rd1 Qb6 16. dxc5 Nxc5
17. Be3 Qc6 18. Ne5 Qc8 19. f3 Na4 20. Qb3 Bc5 21. Rd3 Bxe3+ 22. Rxe3 Rd8 23.
Nd3 a6 24. Rc1 Qc7 25. Qb4 Qb6 26. Qe1 Rac8 27. Kf1 Nc5 28. Nxc5 Rxc5 29. Rc3
Rxc3 30. Qxc3 Rc8 31. Qd2 {Ivanchuk,V-Karpov,An/Roquebrune 5'/1992/0-1/39/})
6... Nbd7 (6... dxc4 7. e4 c5 8. dxc5 Bxc5 9. Bxc4 Nbd7 10. O-O Rc8 11. Qe2 Qc7
12. Ba6 Bxa6 13. Qxa6 O-O {Chernin,A-Adorjan,A/HUN-ch (09)/1992/1/2-1/2/13/})
7. cxd5 Nxd5 8. Nxd5 (8. e4 Nxc3 9. bxc3 c5 10. Bf4 Be7 (10... cxd4 11. cxd4
Rc8 12. Qa4 $5 (12. Qb3 Be7 13. Bd3 Nf6 $5 14. d5 (14. Qb5+ Qd7 $1 15. Ne5 Qxb5
16. Bxb5+ Kf8 17. f3 Ne8 $1 $10 {Browne,W-Miles,A/New York op/1987/0-1/40/})
14... exd5 15. Rd1 O-O 16. O-O dxe4 17. Bxe4 Nxe4 18. Rxd8 Rfxd8 $15 {Miles,
A-Polugaevsky,L/Sarajevo/1987/0-1/78/}) 12... a6 13. Bd3 b5 14. Qb3 Be7 15. O-O
O-O 16. Bd2 $6 (16. Rfe1 Nb6 $13) 16... e5 $1 $15 17. Nxe5 Nxe5 18. dxe5 Qd4 $1
19. Rad1 $8 Bxe4 20. Bxe4 Qxe4 21. Rfe1 Qc4 22. Qb2 Rfd8 23. Bb4 Bxb4 24. axb4
h6 25. h3 Rxd1 26. Rxd1 Qe4 27. Qa1 $1 $8 Rc6 28. Rd4 Qe2 $2 29. Rd6 Rc2 {
Anastasian,A-Mikhalchishin,A/Pavlodar/1987/1/2-1/2/30/}) 11. Bd3 Qc8 12. Qa4
O-O 13. O-O $14 Rd8 14. Qb5 Nb8 15. Qb1 Ba6 16. Rd1 Bxd3 17. Qxd3 Nd7 18. d5
exd5 19. exd5 c4 20. Qe2 Re8 21. Nd4 Bf6 22. Qf3 Bxd4 23. Rxd4 Qc5 24. h4 Rad8
25. Rad1 Qxa3 26. Rxc4 Qe7 27. Rc7 a5 28. g3 h6 29. Qg4 Qe2 30. Qxe2 Rxe2 31.
Kf1 {Gelfand,B-Kortschnoj,V (2)/Tilburg5.02 /1992/1-0/41/}) 8... Bxd5 (8...
exd5 $1 9. Bg5 Qc8 $5 (9... f6 $6 10. Bf4 c5 11. g3 g6 12. h4 Qe7 13. Bg2 Bg7
14. h5 f5 15. Qd2 Bf6 16. Rc1 Rc8 17. Rc3 Rc6 18. Re3 Re6 19. Rxe6 Qxe6 20. Ng5
Qe7 21. dxc5 Nxc5 22. hxg6 d4 23. g7 Bxg7 24. Bxb7 Qxb7 25. f3 Qd5 26. Rxh7
Rxh7 27. Nxh7 Qb3 28. Bd6 Ne6 29. Ng5 Bh6 30. Bf4 Bxg5 31. Bxg5 {Kasparov,
G-Karpov,An (32)/Moscow Wch/1984/1-0/41/}) 10. g3 Bd6 11. Bh3 O-O 12. O-O c5
13. Qf5 Nb8 14. Qxc8 Bxc8 15. Bxc8 Rxc8 16. dxc5 bxc5 17. Rfd1 d4 18. Rac1 Nc6
19. Bf4 Be7 20. e3 Rd8 21. Kf1 h6 22. exd4 Nxd4 23. Nxd4 cxd4 24. Ke2 Bf6 25.
Kd3 a5 26. Rc4 g5 27. Bd2 Rdb8 28. b4 axb4 29. Bxb4 g4 30. Rdc1 Kg7 31. h3 {
Ftacnik,L-Gheorghiu,F/Praha (zt) 39/635/1985/1/2-1/2/46/}) 9. e4 Bb7 10. Bb5 (
10. Bf4 Bd6 11. Bg3) 10... c6 (10... a6 11. Bc6 $1) 11. Bxc6 $1 Rc8 12. d5 $1 (
12. Bxd7+ Qxd7 13. Qe2 Qc6 $1 14. d5 Qc4 $44) 12... Qc7 (12... Bxc6 13. dxc6
Nb8 14. Bf4 Nxc6 15. O-O $16) 13. Nd4 $5 (13. Bxd7+ $6 Qxd7 14. Qe2 exd5 15.
exd5+ Be7 16. O-O O-O $10) (13. Be3 Bxc6 14. Rc1 exd5 15. exd5 Nb8 16. dxc6
Qxc6 17. Qd1 $14) 13... Bxc6 14. Nxc6 (14. Qxc6 $5) 14... Nb8 $6 (14... Bd6 $1
15. Bg5 $14) 15. Be3 Nxc6 16. Rc1 Bc5 $6 (16... exd5 $5 17. exd5 Bc5 18. dxc6
Qxc6 19. O-O O-O 20. b4 Bxe3 21. Qxc6 Bxc1 $14) 17. dxc6 Qxc6 18. O-O O-O 19.
b4 Bxe3 20. Qxc6 Bxc1 21. Qa4 $16 Rc7 22. Rd1 g6 23. g3 Rfc8 (23... e5) 24. Rd7
Bb2 25. Kg2 Kg7 26. f4 $1 Bc3 (26... Rxd7 27. Qxd7 Rc2+ 28. Kh3 $16) 27. Qd1 a5
28. Rxc7 Rxc7 29. Qd6 Rc4 30. Qd3 b5 31. a4 $1 axb4 32. axb5 Rd4 33. Qe3 e5 34.
b6 Rd7 35. Qc5 Rd2+ 36. Kh3 Bd4 37. Qc1 $138 (37. Qc1 Bc3 38. Qxd2 $1 Bxd2 39.
b7) (37. Qxb4 $1 Rb2 38. Qxb2 Bxb2 39. b7 $18) 1-0

[Event "ROM-chT"]
[Site "Eforie Nord"]
[Date "2000.12.20"]
[Round "3"]
[White "Atalik, Suat"]
[Black "Ciolac, Gheorghe"]
[Result "1-0"]
[WhiteElo "2549"]
[BlackElo "2323"]
[Annotator "Ftacnik,L"]
[PlyCount "61"]
[EventDate "2000.12.18"]
[EventType "team"]
[EventRounds "5"]
[EventCountry "ROU"]
[SourceTitle "CBM 081"]
[Source "ChessBase"]
[SourceDate "2001.03.20"]
[SourceVersion "1"]
[SourceVersionDate "2001.03.20"]
[SourceQuality "1"]
[WhiteTeam "Timisoara AEM"]
[BlackTeam "Bucharest Electrica"]
[WhiteTeamCountry "ROU"]
[BlackTeamCountry "ROU"]

1. d4 {Wells} Nf6 2. c4 e6 3. Nf3 b6 4. Nc3 Bb7 5. a3 d5 6. cxd5 exd5 7. g3 Bd6
{'?!' Wells.} 8. Bg5 O-O 9. Bh3 {'!' Wells.} h6 (9... Nbd7 {Wells} 10. Bxd7
Qxd7 11. Bxf6 gxf6 $16 {[%csl Rf6,Rf7]}) 10. Bxf6 Qxf6 {Wells: 'Illustration
by rather extreme case. The strategy is familiar - the exchange of the knight
on f6 weakens black's d-pawn. Here it also poses real dilemmas over the
development of the b8 knight. '} 11. O-O Rd8 12. Qa4 c5 {'?!' Wells.} (12... c6
13. Rfd1 Na6 $13) (12... c6 $5 {(Wells) would have been more circumspect here.}
) 13. Rad1 {Wells: 'It is not hard to see that white has an awful lot of
fire-power to direct against d5. White in turn can make solid pawn moves on
the dark squares at little cost, and scarcely misses his dark-squared bishop.'}
Bc6 14. Qc2 a5 (14... Nd7 15. dxc5 Nxc5 16. Nxd5 $16) 15. Bg2 Ra7 16. e3 Re7 (
16... c4 17. Nd2 Be7 18. e4 Qg6 19. Qb1 dxe4 20. Nxc4 $14) 17. Nh4 $1 {'+/-'
Wells. Wells: '...and thats about it for the d5 pawn.' White has correctly
chosen the attacking object in black's d5 pawn.} cxd4 (17... Rc7 18. Qf5 Nd7
19. Bxd5 $16) 18. Rxd4 Be5 (18... Rc7 19. Bxd5 Bxd5 (19... Be5 20. Ne4 Qe7 21.
Ng6 $18) (19... Bc5 20. Ne4 Bxd4 21. Nxf6+ Bxf6 22. e4 $18) 20. Rxd5 $16) 19.
Nxd5 Bxd5 20. Rxd5 Rxd5 21. Qc8+ Kh7 22. Bxd5 Nd7 23. Rc1 Nc5 24. b4 axb4 25.
axb4 Bb2 $6 {[%mdl 2048] Black badly needs better coordination of his pieces,
but the bishop move to b2 doesn't serve the purpose right.} (25... Rc7 26. Qg4
Nd3 27. Qe4+ (27. Be4+ g6 28. Bxg6+ Qxg6 $1 (28... fxg6 29. Rxc7+ Bxc7 30. Qd7+
$18) 29. Nxg6 Rxc1+ 30. Kg2 Ne1+ 31. Kh3 fxg6 32. Qe6 Bg7 33. Qxb6 $14) 27...
g6 28. Rf1 Rc3 29. Nf3 $16) 26. Rb1 Rd7 27. bxc5 Rxd5 28. cxb6 Rb5 29. b7 Qb6
30. Nf5 Qxb7 31. Qc2 1-0

[Event "FRA-chT Top 16 GpA"]
[Site "Mulhouse"]
[Date "2005.02.05"]
[Round "2"]
[White "Slobodjan, Roman"]
[Black "Adams, Michael"]
[Result "0-1"]
[WhiteElo "2544"]
[BlackElo "2741"]
[Annotator "Ftacnik,L"]
[PlyCount "82"]
[EventDate "2005.02.04"]
[EventType "team"]
[EventRounds "7"]
[EventCountry "FRA"]
[SourceTitle "CBM 106"]
[Source "ChessBase"]
[SourceDate "2005.06.06"]
[SourceVersion "1"]
[SourceVersionDate "2005.06.06"]
[SourceQuality "1"]

1. d4 Nf6 2. c4 e6 3. Nf3 b6 4. a3 Ba6 5. e3 d5 6. Nbd2 c5 7. b3 cxd4 (7... Be7
8. Bb2 O-O 9. Bd3 Nbd7 (9... Nc6 10. O-O Na5 11. Ne5 Rc8 12. Rc1 cxd4 13. exd4
Bb7 14. Re1 Nc6 15. Re3 dxc4 16. Nxc6 Bxc6 17. bxc4 Qd6 18. d5 exd5 19. Be5 {
1-0 Holm,S-Nilssen,J/Copehagen 1999/ (100)}) 10. O-O Rc8 11. Qe2 Qc7 12. Rac1 {
1/2-1/2 Schmidt,W-Ornstein,A/Malmo 1979/ (12)}) 8. exd4 (8. Nxd4 Bc5 9. Bb2 O-O
10. N4f3 Bb7 11. Be2 a5 12. O-O Nbd7 13. Ra2 Qe7 14. Qa1 dxc4 15. Nxc4 Bd5 16.
a4 Rfc8 17. Nfd2 Rab8 18. Bf3 {1/2-1/2 Skembris,S-Farago,I/Montpellier 1989/ 
(29)}) 8... g6 (8... Be7 9. Bb2 O-O 10. Bd3 Nc6 11. O-O Rc8 12. Qe2 Re8 13.
Rac1 Bf8 14. h3 g6 15. Qe3 Ne7 16. Rfe1 Nf5 17. Qe2 Nh5 18. g3 Bb7 19. Qf1 {
1/2-1/2 Koutsin,S-Piesina,G/Olomouc 1996/ (26)}) 9. Bb2 dxc4 10. bxc4 {
Slobodjan might have thought about very interesting possibility to exploit the
control of the a1-h8 diagonal with a sharp move 10.d5!?} (10. d5 $5 exd5 (10...
Qe7 11. d6 Qd8 12. Nxc4 $14) 11. Qe2+ Kd7 12. Ne5+ Kc8 13. Nxf7 c3 14. Qe6+ Qd7
15. Qxd7+ Nbxd7 16. Bxc3 $14) 10... Bg7 11. Ne5 (11. Qa4+ Qd7 12. Qb3 O-O 13.
Ne5 Qc7 14. Be2 $11) 11... Bb7 (11... O-O 12. Be2 Bb7 13. Bf3 Bxf3 14. Qxf3
Nbd7 $11) 12. Qa4+ Nfd7 13. c5 $2 {White is seemingly better, since Adam's
pieces are slightly cramped and he still needs to castle. The attacker's
problem is the pressure along the long diagonal.} (13. Ndf3 O-O 14. Be2 Qc7 15.
O-O Nc6 $11) 13... bxc5 14. Bb5 (14. dxc5 O-O 15. Qb4 Qc7 16. Nxd7 Bxb2 17.
Qxb2 Nxd7 18. Rc1 Rfc8 $17) 14... Bxg2 $1 {[%mdl 2048] Black is not afraid of
any ghosts, the pawn g2 will be sorely missed by Slobodjan.} 15. Rg1 Bd5 16.
Rc1 (16. dxc5 O-O 17. Bxd7 (17. Nxd7 Bxb2 18. Rb1 Bc3 19. Nxf8 Bxd2+ 20. Ke2
Kxf8 $19) 17... Nxd7 18. Qxd7 Qxd7 19. Nxd7 Bxb2 20. Rb1 Rfd8 $17) 16... Bxe5
$1 17. dxe5 O-O {The outcome of the opening battle is depressing for white, he
is lacking any compensation for two missing pawns. On top of everything his
king is hopelessly exposed in the center.} 18. Rc3 c4 19. Bxc4 (19. Rh3 Nc5 20.
Qc2 Nd3+ 21. Kf1 Qb6 $19) (19. Nxc4 a6 20. Bxd7 Nxd7 21. Qc2 Qh4 $19) 19... Nb6
20. Qc2 Nxc4 21. Nxc4 Nc6 22. Rh3 (22. Rg4 Rb8 23. Rd3 Qc7 24. Nd6 f6 $19)
22... Bxc4 $1 23. Qxc4 Rb8 24. Qc1 (24. Qxc6 Rxb2 25. Kf1 Qd4 $19) (24. Qe2 Qd5
$19) 24... Qa5+ 25. Bc3 (25. Kf1 Rfc8 26. Bc3 Qb5+ 27. Kg2 Nxe5 $19) 25... Qd5
{Black knight clearly dominates the poor white bishop.} 26. Kf1 (26. f4 Rfd8
27. Rhg3 Nd4 $19) 26... Rfd8 27. Be1 (27. Qe1 Rb3 28. Rgg3 Rxa3 $19) (27. Qh6
Rb1+ 28. Ke2 Qc4+ $19) 27... Nxe5 28. Qh6 Qc4+ 29. Kg2 Qe4+ 30. Kf1 (30. f3
Rb2+ 31. Bf2 (31. Kh1 Nxf3 32. Rxg6+ Qxg6 33. Qxg6+ hxg6 34. Rxf3 Rd1 $19)
31... Qd4 32. Qxh7+ Kf8 33. Qh6+ Ke7 34. Qg5+ Kd7 35. Rf1 Nd3 $19) 30... Nf3 {
Slobodjan has finally penetrated to the black king, but his position at home
lays in ruins.} 31. Qxh7+ (31. Rxg6+ Qxg6 32. Rg3 Rb1 $19) 31... Kf8 32. Rxf3
Qxf3 33. Qh8+ Ke7 34. Qh4+ Ke8 35. Rg3 (35. Qh8+ Kd7 36. Qd4+ Kc6 37. Qc4+ Kb7
$19) 35... Qh1+ 36. Rg1 Qc6 37. Rg3 (37. Qh8+ Kd7 38. Qf6 Rb1 $19) 37... Qh1+
38. Rg1 Qd5 39. Rg5 Qd4 40. Rg4 Qa1 41. Kg2 Rb1 (41... Qxe1 42. Qh8+ Kd7 43.
Rd4+ Kc7 $19) 0-1

[Event "Lasker Memorial op"]
[Site "Barlinek"]
[Date "2001.07.20"]
[Round "5"]
[White "Bator, Robert"]
[Black "Mikhaletz, Lubomir"]
[Result "0-1"]
[WhiteElo "2403"]
[BlackElo "2485"]
[Annotator "Ftacnik,L"]
[PlyCount "82"]
[EventDate "2001.07.19"]
[EventType "swiss"]
[EventRounds "10"]
[EventCountry "POL"]
[SourceTitle "CBM 085"]
[Source "ChessBase"]
[SourceDate "2001.11.13"]
[SourceVersion "1"]
[SourceVersionDate "2001.11.13"]
[SourceQuality "1"]

1. d4 Nf6 2. Nf3 e6 3. c4 b6 4. a3 Bb7 5. Nc3 d5 6. cxd5 Nxd5 7. Bd2 Nd7 8. Qc2
Be7 9. e4 Nxc3 10. bxc3 {It does not make much sense to play Bd2 and then take
on c3 with the pawn, but at least it is not antipositional.} c5 11. Bd3 Rc8 12.
Qb1 (12. d5 exd5 13. exd5 Bxd5 $17) 12... h6 13. O-O O-O 14. a4 $6 (14. Rd1 $11
) 14... e5 $1 {White is beeing punished for neglecting the center, black shows
the potential of his sound centralized forces.} 15. dxe5 (15. Nxe5 $2 Nxe5 16.
dxe5 c4 $19) (15. a5 exd4 16. cxd4 cxd4 $15) 15... c4 16. Bc2 Nxe5 17. Nd4 (17.
Nxe5 Qxd2 18. Qb2 Bxe4 19. Ra2 Bxc2 $17) (17. Rd1 Nxf3+ 18. gxf3 Bc5 $17) 17...
Bc5 18. Bf4 (18. Be3 Ng4 $15) (18. Qb2 $2 Nd3 19. Bxd3 cxd3 $19) 18... Bxd4 19.
cxd4 (19. Rd1 Bxf2+ 20. Kxf2 Qf6 $19) 19... Qxd4 20. Rd1 Qc5 (20... Nd3 21.
Bxd3 cxd3 22. Qxd3 Qxd3 23. Rxd3 Bxe4 24. Rd7 $15) 21. a5 Ng4 22. Bg3 (22. Rd2
Rfd8) 22... b5 23. a6 Bc6 24. h3 Ne5 25. Bf4 (25. Qb2 Rfe8 $17) 25... Rfe8 26.
Be3 Qe7 27. Ra5 Red8 28. Rxd8+ (28. Qa1 Rxd1+ 29. Qxd1 Rd8 30. Qh5 Nd3 $17)
28... Rxd8 29. Rxb5 $5 {White has to change the flow of the game, otherwise he
will just lose against the strong black pawn pair.} Bxb5 30. Qxb5 Rc8 (30...
Qc7 31. Qb4 Nd3 32. Qc3 Qc6 33. Bxa7 Qxa6 34. Be3 Qb5 $17) 31. f4 (31. Bd4 Ng6
32. Qa5 Qd7 $1 33. Qc3 Nf4 34. Kf1 Ne6 $19) 31... Qa3 $1 32. Bxa7 (32. Bd2 Nd3
$19) 32... Qc1+ 33. Kh2 Qxf4+ 34. Kh1 Nd3 {Mikhaletz will do maximum to
benefit from his strong passed c pawn.} (34... Qc1+ 35. Bg1 Qxc2 36. Qxe5 c3
37. a7 Qa4 $19) 35. Qd7 (35. Bxd3 cxd3 36. Qxd3 Rc1+ 37. Bg1 Qf2 $19) 35... Ra8
36. Qb7 Rf8 (36... Rxa7 $2 37. Qxa7 Qc1+ 38. Kh2 Qxc2 39. Qb7 Ne1 40. Qc8+ Kh7
41. Qf5+ $11) 37. Bg1 Qc1 38. Bxd3 (38. a7 Nf2+ $1 (38... Qxc2 39. a8=Q Rxa8
40. Qxa8+ Kh7 41. Qd5 Nf4 42. Qf5+ Ng6 43. h4 h5 44. Qxh5+ Kg8 $17) 39. Kh2
Qf4+ 40. g3 Qf3 41. Bxf2 Qxf2+ 42. Kh1 Qe1+ 43. Kg2 Qd2+ 44. Kf3 Qc3+ 45. Kg4
h5+ 46. Kf4 g5+ 47. Kf5 Qxg3 $19) 38... cxd3 39. a7 d2 40. a8=Q Rxa8 41. Qxa8+
Kh7 0-1